Normal view
MARC view
- Vishnoo Bhagwan, Vidya Bhushan
Entry Personal Name
001 - CONTROL NUMBER
- control field: 5458
003 - CONTROL NUMBER IDENTIFIER
- control field: OSt
005 - DATE AND TIME OF LATEST TRANSACTION
- control field: 20230913021158.0
008 - FIXED-LENGTH DATA ELEMENTS
- fixed length control field: 230913|| aca||aabn | a|a d
040 ## - CATALOGING SOURCE
- Original cataloging agency: OSt
- Transcribing agency: OSt
100 ## - HEADING--PERSONAL NAME
- Personal name: Vishnoo Bhagwan, Vidya Bhushan
670 ## - SOURCE DATA FOUND
- Source citation: Work cat.: (OSt)3771: Bhagwan, Vishnoo 5457, World Constitutions/ , c1984
